Úloha systému hodnotových ukazovateľov banky
Charakteristika základných ukazovateľov merania ziskovosti banky. Základné možnosti pohľadov na banku cez uvedené ukazovatele. Statický pohľad. Dynamický pohľad. Porovnávanie s konkurenciou.
Guardado en:
| Autor principal: | |
|---|---|
| Formato: | Capítulo de libro |
| Lenguaje: | eslovaco |
| Materias: | |
| Etiquetas: |
Sin Etiquetas, Sea el primero en etiquetar este registro!
|
MARC
| LEADER | 00000naa a2200000 4500 | ||
|---|---|---|---|
| 001 | r044490 | ||
| 005 | 20230808082629.1 | ||
| 041 | 0 | |a slo | |
| 044 | |a SK | ||
| 245 | 1 | 0 | |a Úloha systému hodnotových ukazovateľov banky |c Martin Vovk |
| 520 | |a Charakteristika základných ukazovateľov merania ziskovosti banky. Základné možnosti pohľadov na banku cez uvedené ukazovatele. Statický pohľad. Dynamický pohľad. Porovnávanie s konkurenciou. | ||
| 610 | 2 | 0 | |a banky |
| 610 | 2 | 0 | |a ukazovatele efektívnosti |
| 610 | 2 | 0 | |a ukazovatele finančné |
| 610 | 2 | 0 | |a výkonnosť |
| 610 | 2 | 0 | |a zisk kapitálový |
| 100 | 1 | |a Vovk, Martin, 1976- | |